000 01119nam a2200265Ia 4500
999 _c50488
_d50488
001 17437
003 GE_BSU
005 20200213141218.0
008 181216s2015 xx |||||||||||||| ||rus||
020 _a978-5-86547-476-0
040 _cGE_BSU
080 _a811.161.1 С-44
100 _aСкороходов Л.
_97058
245 _aОкно в Россию : Часть первая :
_bучебное пособие по русскому языку как иностранному для продвинутого этапа /
_cЛ.Скороходов ; О. Хорохордина ; Ред. Е.В.Евстратова.
250 _a4-е издание
264 _aСанкт-Петербург :
_bЗлатоуст,
_c2015.
300 _a190 стр. ;
_bил ;
_c29 см,
300 _b+ 1 CD
653 _aОкно в Россию
653 _aучебное пособие по русскому языку
653 _aრუსული ენა
700 _aХорохордина, О
_97059
700 _aЕвстратова ; Е.В.
_eრედაქტორი
_97060
942 _cBK
_2udc